000 00309nam a2200121Ia 4500
005 20251222154418.0
008 251222s9999||||xx |||||||||||||| ||spa||
020 _a978-9972-57-159-6
082 _a331.544/Y11
100 _a"Yamada Fukusaki, Gustavo"
245 0 _aMigración interna en el Perú
942 _cLIB
999 _c35924
_d35924